000 00745nam a2200217 a 4500
001 000042952
005 20240412074302.0
008 140213s2012 dr r 000 j spa d
020 _a9789945404869
040 _aDO-SdBNP
_bspa
_cBNPHU
082 _aRD863.44
_bR196r
100 1 _aRangassamy, Xenia
_950176
245 1 0 _aRuleta /
_cXenia Rangassamy.
260 _aSanto Domingo :
_bMinisterio de Cultura, Sistema Nacional de Creación Literaria,
_c2012.
_fNacional
300 _a92 p. ;
_c23 cm.
500 _aIncluye datos biografícos de la autora en la solapa de la cubierta
590 _aInventariado, 2018/BT
650 0 _aCuentos dominicanos
_9176
650 0 _aLiteratura dominicana.
_967
910 _aValidado. Control de calidad. MFF
999 _c42441
_d42441